000 00338 a2200157 4500
001 72004
020 _a8526702440
040 _cAnchieta - Colégio São Paulo
100 _aWeigle, Oscar
240 1 0 _aSim e não
_lpor
245 1 0 _aSim e não
300 _a13
362 0 _a1982
650 4 _aLiteratura infanto-juvenil
942 _cBK
999 _c72004
_d72004